| 000 | 00413nam a2200181Ia 4500 | ||
|---|---|---|---|
| 001 | 13699 | ||
| 005 | 20260306164820.0 | ||
| 008 | 260306t1997||||xx |||||||||||||| ||spa|| | ||
| 041 | _aESP | ||
| 082 |
_aS 005.131 _bV39C |
||
| 100 |
_aVega, Augusto _eAUT |
||
| 245 | 0 | _aCurso de Lisp | |
| 260 | _c1997 | ||
| 300 |
_axi, 324 páginas : _c23 cm. |
||
| 650 | _aGEN | ||
| 654 | _aCCC | ||
| 942 |
_cLIB _dJUS _fJUS _2ddc _n |
||
| 999 |
_c13699 _d13699 |
||